El PAN : doce años de gobierno /

Detalles Bibliográficos
Otros Autores: Covarrubias Velasco, Ana (Editor)
Formato: Electrónico eBook
Lenguaje:español
Publicado: Ciudad de México, México : El Colegio de México, 2023.
Edición:Primera edición electrónica.
Colección:Colección Centro de Estudios Internacionales.
Materias:
Acceso en línea:Digitalia Hispánica

MARC

LEADER 00000nam a2200000Ii 4500
001 DIGCOLMX0542
003 NyNyDIG
006 m o d
007 cr |||||||||||
008 240701s2023 mx a ob 000 0 spa d
035 |a (OCoLC)1432084506 
040 |a DGITA  |b eng  |e rda  |e pn  |c DGITA 
020 |a 9786075645667  |q electrónica 
020 |z 9786075643694  |q impreso 
043 |a n-mx--- 
050 1 4 |a JL1298.A3 ebook 
245 0 3 |a El PAN :  |b doce años de gobierno /  |c Ana Covarrubias Velasco (compiladora). 
250 |a Primera edición electrónica. 
264 1 |a Ciudad de México, México :  |b El Colegio de México,  |c 2023. 
300 |a 1 online resource :  |b illustrations. 
336 |a text  |b txt  |2 rdacontent 
337 |a computer  |b c  |2 rdamedia 
338 |a online resource  |b cr  |2 rdacarrier 
347 |a text file  |2 rdaft 
347 |b EPUB 
490 1 |a Centro de Estudios Internacionales 
504 |a Includes bibliographical references. 
588 0 |a Online resource; title from ePub title page (Digitalia, viewed July 1, 2024) 
610 2 0 |a Partido Acción Nacional (Mexico) 
650 0 |a Public administration  |z Mexico  |y 21st century. 
651 0 |a Mexico  |x Politics and government  |y 21st century. 
651 0 |a Mexico  |x Social policy  |y 21st century. 
700 1 |a Covarrubias Velasco, Ana,  |e editor. 
791 2 |a Digitalia (Firm),  |e distributor. 
793 0 |g Digitalia eBook Collection:  |a El Colegio de México 
776 0 8 |i Print version:  |t PAN.  |b Primera edición impresa.  |d Ciudad de México, México : El Colegio de México, 2023  |z 9786075643694 
830 0 |a Colección Centro de Estudios Internacionales. 
856 4 0 |3 Digitalia Hispánica  |u https://www.digitaliapublishing.com/a/156651/ 
910 |a Premium collection: 2024